000
00451nam a2200181Ia 4500
008
100917s9999 xx 000 0 und d
082
_b
4117
100
_a
टिपणीस गो. गो.
245
_a
तुकाराम
260
_b
---
300
_a
299
365
_b
0
520
_a
कादंबरी
630
_a
तुकाराम
650
_a
कादंबरी
730
_a
तुकाराम
942
_c
BOOK
999
_c
609511
_d
609508